[Event "Wch Seniors 65 29th"]
[Site "Bucharest"]
[Date "2019.11.15"]
[Round "4"]
[White "Frick, Christoph"]
[Black "Marcovici, Adrian"]
[Result "1-0"]
[WhiteElo "2109"]
[BlackElo "1921"]
[PlyCount "145"]
[EventDate "2019.11.12"]
[EventType "swiss"]
[EventRounds "11"]
[EventCountry "ROU"]
[SourceTitle "CBM 193 Extra"]
[Source "ChessBase"]
[SourceDate "2020.01.31"]
[SourceVersion "1"]
[SourceVersionDate "2020.01.31"]
[SourceQuality "1"]

1. d4 d5 2. Bf4 Nf6 3. e3 e6 4. Nd2 c5 5. c3 Nc6 6. Ngf3 Be7 7. Ne5 Bd7 8. Bd3 g6 9. Qf3 cxd4 10. exd4 Nxe5 11. Bxe5 0-0 12. 0-0-0 Ne8 13. h4 f6 14. Bf4 Ng7 15. Qe2 Be8 16. Bh6 Bf7 17. g4 Re8 18. f4 Bf8 19. Kb1 Re7 20. Rdg1 Ne8 21. Bxf8 Kxf8 22. h5 Bg8 23. hxg6 hxg6 24. Bxg6 Rg7 25. Rh6 Qe7 26. Nf3 Rxg6 27. Rxg6 Bf7 28. f5 Bxg6 29. fxg6 Qg7 30. Qd3 Nd6 31. g5 Ke7 32. gxf6+ Qxf6 33. Ne5 Qf5 34. Qxf5 Nxf5 35. Rh1 Rg8 36. Rh7+ Rg7 37. Rh8 Kf6 38. Ra8 Ne7 39. Rxa7 Nxg6 40. Nd3 Nf8 41. Kc2 Re7 42. a4 b6 43. Rxe7 Kxe7 44. Ne5 Kd6 45. Kb3 Nh7 46. Kb4 Nf6 47. Kb5 Kc7 48. Nd3 Kb7 49. a5 Ne4 50. a6+ Ka7 51. Kc6 Kxa6 52. Kd7 Ng5 53. Nf4 Kb5 54. Nxe6 Ne4 55. Nc7+ Kc4 56. Kc6 Nf6 57. Kxb6 Kb3 58. Kc5 Kxb2 59. Nxd5 Ne4+ 60. Kc4 Nd6+ 61. Kd3 Kb3 62. Ne3 Ka4 63. c4 Ka5 64. d5 Kb6 65. Kd4 Nb7 66. Ng4 Nc5 67. Ne5 Nb3+ 68. Kc3 Nc5 69. Nd3 Nb7 70. Kd4 Kc7 71. c5 Nd8 72. d6+ Kd7 73. Kd5 1-0

[Event "Wch Seniors 65 28th"]
[Site "Bled"]
[Date "2018.11.23"]
[Round "6"]
[White "Goncharov, Viktor1111"]
[Black "Marcovici, Adrian"]
[Result "1/2-1/2"]
[WhiteElo "2048"]
[BlackElo "1910"]
[PlyCount "102"]
[EventDate "2018.11.18"]
[EventType "swiss"]
[EventRounds "11"]
[EventCountry "SLO"]
[SourceTitle "CBM 187 Extra"]
[Source "ChessBase"]
[SourceDate "2018.11.04"]
[SourceVersion "1"]
[SourceVersionDate "2018.11.04"]
[SourceQuality "1"]

1. d4 d5 2. Nf3 e6 3. g3 Nf6 4. Bg2 c5 5. 0-0 Nc6 6. c3 Be7 7. Bg5 Qb6 8. Qb3 Qxb3 9. axb3 cxd4 10. cxd4 Bd7 11. Rc1 0-0 12. Nc3 h6 13. Bxf6 Bxf6 14. e3 Rfc8 15. Bf1 Be7 16. Ne1 Nb4 17. Nd3 Nxd3 18. Bxd3 Kf8 19. Kf1 Bb4 20. Ke2 Ke7 21. Rc2 a6 22. Rac1 Kd6 23. Na4 Rxc2+ 24. Rxc2 Bc6 25. Nc3 Ba5 26. e4 f6 27. f4 Rf8 28. e5+ fxe5 29. fxe5+ Kd7 30. Ke3 Bb6 31. h4 Bd8 32. Rf2 Rxf2 33. Kxf2 Bb6 34. Ne2 Ke7 35. h5 Be8 36. g4 Kd7 37. Ke3 Bd8 38. Bg6 Bg5+ 39. Kd3 Kd8 40. Bxe8 Kxe8 41. Nc3 Kd7 42. Na4 Be7 43. Nc3 Kc6 44. Na2 Kb5 45. Kc3 Bh4 46. Nc1 b6 47. Nd3 Bg5 48. Ne1 a5 49. Nc2 Kc6 50. Na3 Bh4 51. Nc2 Bf2 1/2-1/2

[Event "Wch Seniors 65 26th"]
[Site "Marianske Lazne"]
[Date "2016.11.23"]
[Round "5"]
[White "Marcovici, Adrian"]
[Black "Bakalar, Jan"]
[Result "0-1"]
[WhiteElo "1906"]
[BlackElo "2033"]
[PlyCount "105"]
[EventDate "2016.11.19"]
[EventType "swiss"]
[EventRounds "11"]
[EventCountry "CZE"]
[SourceTitle "CBM 175 Extra"]
[Source "ChessBase"]
[SourceDate "2016.12.12"]
[SourceVersion "1"]
[SourceVersionDate "2016.12.12"]
[SourceQuality "1"]

1. e4 d6 2. d4 Nf6 3. Nc3 g6 4. g3 c6 5. a4 Bg7 6. Bg2 0-0 7. Nge2 e5 8. 0-0 Qc7 9. h3 Na6 10. Be3 Re8 11. dxe5 dxe5 12. g4 h5 13. f3 hxg4 14. fxg4 Nh7 15. Ng3 Qe7 16. Qf3 Be6 17. Rfd1 b6 18. Bf1 Nb4 19. Rd2 Rad8 20. Rad1 Rxd2 21. Rxd2 Rd8 22. Qd1 Bf6 23. Nb1 c5 24. c3 Nc6 25. Rxd8+ Qxd8 26. Qxd8+ Bxd8 27. Nd2 Bg5 28. Kf2 Bxe3+ 29. Kxe3 Kf8 30. Bb5 Nd8 31. Be2 Ke7 32. Nc4 f6 33. Kf2 Ng5 34. Kg2 Bd7 35. a5 bxa5 36. Nxa5 Nde6 37. Kh2 Nf4 38. Bf1 Kd6 39. Nc4+ Kc7 40. Nd2 Nh7 41. Nf3 Kd6 42. Bc4 Bc6 43. Nd2 Nf8 44. Ne2 Nxe2 45. Bxe2 Ne6 46. h4 Nf4 47. Bf3 Bb5 48. Kg3 a5 49. h5 g5 50. Kf2 a4 51. c4 Be8 52. Kg3 Bf7 53. Bd1 0-1

[Event "Wch Seniors 21st"]
[Site "Rijeka"]
[Date "2011.11.15"]
[Round "1"]
[White "Pushkov, Nikolai"]
[Black "Marcovici, Adrian"]
[Result "1/2-1/2"]
[WhiteElo "2395"]
[BlackElo "2049"]
[PlyCount "66"]
[EventDate "2011.11.15"]
[EventType "swiss"]
[EventRounds "11"]
[EventCountry "CRO"]
[SourceTitle "CBM 145 Extra"]
[Source "ChessBase"]
[SourceDate "2012.01.03"]
[SourceVersion "1"]
[SourceVersionDate "2012.01.03"]
[SourceQuality "1"]

1. Nf3 d5 2. b3 Bf5 3. Bb2 e6 4. e3 Nf6 5. c4 Nbd7 6. Nc3 Be7 7. d4 c6 8. Bd3 Bg6 9. 0-0 0-0 10. Re1 Ne4 11. Qc2 f5 12. Ne2 Bf7 13. Rad1 Bb4 14. Rf1 Qe7 15. Qc1 Bh5 16. Nf4 Bxf3 17. gxf3 Ng5 18. Be2 Bd6 19. Kg2 Rf6 20. h4 Rh6 21. Rh1 Nf7 22. Rdg1 Bxf4 23. exf4 Rxh4 24. Ba3 Qf6 25. Rxh4 Qxh4 26. Qe3 Qf6 27. cxd5 exd5 28. Be7 Qg6+ 29. Kf1 Qh6 30. Bg5 Qd6 31. Bd3 Nf6 32. Bxf5 Re8 33. Qd2 Nh5 1/2-1/2

[Event "EU-Cup 09th Group2"]
[Site "Luxembourg"]
[Date "1993.09.24"]
[Round "1"]
[White "Marcovici, Adrian"]
[Black "Heinemann, Thies"]
[Result "0-1"]
[WhiteElo "2210"]
[BlackElo "2380"]
[PlyCount "102"]
[EventDate "1993.09.24"]
[EventType "team-k.o."]
[EventRounds "3"]
[EventCountry "LUX"]
[SourceTitle "EXT 2020"]
[Source "ChessBase"]
[SourceDate "2019.10.17"]
[SourceVersion "1"]
[SourceVersionDate "2019.10.17"]
[SourceQuality "1"]
[WhiteTeam "Bonnevoie Gambit"]
[BlackTeam "Hamburger SK"]
[WhiteTeamCountry "LUX"]
[BlackTeamCountry "GER"]

1. e4 c5 2. Nf3 d6 3. Bb5+ Nc6 4. d3 Bd7 5. Nc3 g6 6. Bf4 Bg7 7. Qd2 Nd4 8. Bxd7+ Qxd7 9. Nxd4 cxd4 10. Ne2 h5 11. Qb4 e5 12. Bg5 a5 13. Qb3 a4 14. Qb4 Bf8 15. c4 d5 16. Qb5 Qxb5 17. cxb5 dxe4 18. dxe4 Ra5 19. b6 Bb4+ 20. Bd2 Rb5 21. b3 a3 22. f4 f6 23. fxe5 fxe5 24. Rc1 Ne7 25. Rc4 Nc6 26. Nc1 Be7 27. Nd3 Rxb6 28. Nc5 Rb5 29. b4 0-0 30. Ke2 Rc8 31. Rhc1 Nd8 32. Kd3 Nf7 33. Nd7 Rxc4 34. Rxc4 Kg7 35. Rc7 Bd6 36. Rc1 Be7 37. Rc7 Bd8 38. Rc8 Be7 39. Rc1 Nd6 40. Rc5 Rxc5 41. bxc5 Ne8 42. Bb4 Bf6 43. Kc4 Kf7 44. Kb5 Ke6 45. Nxf6 Nxf6 46. Kb6 Nxe4 47. Kxb7 Nxc5+ 48. Bxc5 d3 49. Bb4 Kd5 50. Kb6 e4 51. Kb5 e3 0-1

[Event "ROM-chT"]
[Site "Romania"]
[Date "1992.??.??"]
[Round "?"]
[White "Marcovici, Adrian"]
[Black "Dominte, Marian"]
[Result "1/2-1/2"]
[WhiteElo "2210"]
[BlackElo "2360"]
[PlyCount "20"]
[EventDate "1992.??.??"]
[EventType "team"]
[EventRounds "9"]
[EventCountry "ROU"]
[SourceTitle "EXT 1997"]
[Source "ChessBase"]
[SourceDate "1996.11.15"]
[SourceVersion "1"]
[SourceVersionDate "1996.11.15"]
[SourceQuality "1"]

1. e4 e6 2. d4 d5 3. Nd2 Nf6 4. e5 Nfd7 5. f4 c5 6. c3 Nc6 7. Ndf3 Qa5 8. Kf2 Qb6 9. Ne2 Be7 10. g3 cxd4 1/2-1/2